000 00955nam a22003014a 4500
008
020 _a9780323046855 (pbk.)
049 _aMAIN
090 _aSF761
_bCOL
100 1 _aColville, Thomas.
245 1 0 _aClinical anatomy and physiology for veterinary technicians /
_cThomas Colville, Joanna M. Bassert.
250 _a2nd ed.
260 _aSt. Louis, Mo. :
_bMosby Elsevier,
_c2008.
300 _axxiv, 543 p. :
_bcol ill.
_c 28 cm.
500 _aIncludes index.
504 _aIncludes bibliographical references.
650 1 2 _aAnimals, Domestic
_xanatomy & histology.
650 2 2 _aAnimal Technicians.
650 2 2 _aAnimals, Domestic
_xphysiology.
650 0 _aVeterinary anatomy.
650 0 _aVeterinary physiology.
700 1 _aBassert, Joanna M.
907 _a.b10364389
_b02-11-15
_c30-10-15
003
005 20230120204205.0
040 _cNUST
942 _cBOOKS
_kSF761
_mCOL
999 _c118770
_d118770